| 000 | 01056nam2a22002411 4500 | ||
|---|---|---|---|
| 001 | rc\147064 | ||
| 005 | 20250621061145.0 | ||
| 010 |
_a5-265-03056-5 _950000 |
||
| 035 | _a(NLR Aleph) 005614028 | ||
| 090 |
_a6439877 _c6439877 |
||
| 100 | _a20030307d1993 |||y0rusy50 ca | ||
| 101 | 0 | _arus | |
| 102 | _aRU | ||
| 105 | _ay ||||||||| | ||
| 200 | 1 |
_aНеобыкновенные приключения _eДвадцать тысяч лье под водой _eРоман _f[Пер. Н.Г. Яковлевой, Е.Ф. Корша] |
|
| 210 |
_d1993 _aБ. м. |
||
| 215 | _a351, [1] с. | ||
| 461 | 0 |
_1001rc\147060 _12001#$aСобрание сочинений$eВ 6 т.$e[Пер. с фр.]$fЖюль Верн$vТ. 4 _1700#1$aВерн$bЖ.$gЖюль$f1828-1905 _96439840 _aВерн, Ж. (1828-1905) _cМ. _d1992- _fЖюль Верн _nСовремен. писатель _oВ 6 т. : [Пер. с фр.] _tСобрание сочинений _y5265028633 _vТ. 4 |
|
| 801 | 0 |
_aRU _bNLR _gpsbo |
|
| 801 | 1 |
_aRU _bELAR _2rusmarc |
|
| 852 |
_aNLR _j92-5/2797 |
||
| 942 | _cBOOK | ||
| 980 | _aNB | ||